000 01335nam a2200241Ia 4500
999 _c37957
_d37957
001 3939
003 GE_BSU
005 20190903153926.0
008 181216s1965||||ge |||||||||||||| ||geo||
040 _cGE_BSU
041 _ageo
080 _a394(479.22) ხ–25
100 _aხარაძე, რ.
_93882
245 _aმთიულეთის სოფელი ძველად :
_bეთნოგრაფიული გამოკვლევა /
_cრედ. ვ. ითონიშვილი ; ივ. ჯავახიშვილის სახ.ისტორიის, არქეოლოგიისა და ეთნოგრაფიის ინ-ტი.
264 _a თბ. :
_bმეცნიერება,
_c1965.
300 _a85 გვ.;
_b22 სმ.
653 _aქართველების ეთნოგრაფია
653 _aქართული წეს-ჩვეულებები
700 _aრობაქიძე, ა.
_eავტორი
_93883
700 _aითონიშვილი, ვ.
_eრედაქტორი
_93884
710 _aივ. ჯავახიშვილის სახ.ისტორიის, არქეოლოგიისა და ეთნოგრაფიის ინ-ტი.
_93885
942 _cBK
_2udc